000 00575pam a2200229 a 4500
001 2435662
005 20180307043950.0
008 880125s1988 ctuaf b 001 0 eng c
010 _a 88000981
020 _a0838579442
040 _aDNLM/DLC
_cDLC
_dDLC
041 _aeng
060 _aWB 100 P957
080 _a616 HAR
082 0 0 _a616 HAR
_219
100 _a4
101 _aSHM
245 0 4 _aThe Principles and practice of medicine.
504 _aIncludes bibliographies and index.
906 _a7
_bcbc
_corignew
_d1
_eocip
_f19
_gy-gencatlg
942 _2ddc
_cBK
999 _c44274
_d44274